| 000 | 00700nam a22001817a 4500 | ||
|---|---|---|---|
| 003 | BUBTL | ||
| 008 | 190513b xxu||||| |||| 00| 0 eng d | ||
| 020 | _a984-465-219-7 | ||
| 082 | _a954.92051 / MUB | ||
| 100 |
_92333 _aমুহিত, আবুল মাল আবদুল |
||
| 245 |
_aবাংলাদেশ : জাতিরাষ্ট্রের উদ্ভব / _cআবুল মাল আবদুল মুহিত |
||
| 260 |
_aঢাকা : _bসাহিত্য প্রকাশ, _cc2000. |
||
| 300 |
_a399 p. : _c22 cm. |
||
| 650 | 0 |
_91755 _aমুক্তিযুদ্ধ |
|
| 856 |
_k0 _l0 _yDownload |
||
| 942 |
_2ddc _cBK |
||
| 999 |
_c6061 _d6061 |
||